Statistics for World Capitals Closest to Tripoli - One Minute Sprint

Click here to take the quiz!

General Stats

  • This quiz has been taken 18 times
  • The average score is 12 of 20

Answer Stats

kmcapitalmiles% Correct
1021Algiers635
100%
1006Rome625
93%
1232San Marino765
93%
1124Athens698
87%
1006Vatican City625
87%
357Valletta222
80%
516Tunis320
73%
1108Tirana689
67%
1460Zagreb907
67%
1308Monaco812
60%
1248Skopje776
60%
1313Sarajevo810
53%
1470Ljubljana914
47%
1294Pristina804
47%
1469Belgrade913
40%
1639Bern1018
40%
1190Podgorica740
33%
1408Sofia875
33%
1619Vaduz1006
33%
1481Andorra la Vella920
13%

Score Distribution

Percentile by Number Answered

Percent of People with Each Score

Your Score History

You have not taken this quiz